| 000 | nam a22 7a 4500 | ||
|---|---|---|---|
| 999 |
_c47073 _d47073 |
||
| 003 | OSt | ||
| 005 | 20190502135924.0 | ||
| 008 | 190502b xxu||||| |||| 00| 0 eng d | ||
| 040 | _cIIMT COLLEGE OF LAW,GRATER NOIDA | ||
| 100 | _aPARANJAPE,N.V. | ||
| 245 | _aLAW OF ARBITRATION,CONCILIATION & ALTER NATURAL DISPUTES | ||
| 260 |
_aNEW DELHI _bC.L.A. _c2016 |
||
| 300 | _a439 | ||
| 942 |
_2ddc _c02 |
||